[Event "LXXV Campeonato Brasileiro Ind"]
[Site "Americana"]
[Date "2009.12.06"]
[Round "6.2"]
[White "Macedo, Maximo Iack"]
[Black "Vescovi, Giovanni"]
[Result "0-1"]
[WhiteElo "2339"]
[BlackElo "2648"]
[PlyCount "84"]
[EventDate "2009.12.02"]

1. d4 Nf6 2. Nf3 e6 3. Bf4 b6 4. e3 Bb7 5. Nbd2 d6 6. Bd3 Nbd7 7. O-O Qe7 8. e4
h6 9. Qe2 g5 10. Bg3 Bg7 11. Ne1 h5 12. h4 Nh7 13. hxg5 Nxg5 14. c3 h4 15. Bh2
e5 16. f4 exf4 17. Bxf4 h3 18. Bxg5 Qxg5 19. Rf5 Qh6 20. g4 Qh4 21. Kh1 O-O-O
22. Nef3 Qe7 23. a4 Kb8 24. a5 Nf6 25. axb6 cxb6 26. g5 Ne8 27. Ba6 Ba8 28. Bc4
f6 29. Re1 Nc7 30. Qh2 Bb7 31. gxf6 Bxf6 32. Qf4 Rdf8 33. d5 Bg7 34. Nb3 Rxf5
35. exf5 Be5 36. Nxe5 dxe5 37. Qxe5 Qxe5 38. Rxe5 b5 39. Bxb5 Bxd5+ 40. Rxd5
Nxd5 41. Nd4 Kc7 42. Be2 Kd6 0-1

[Event "LXXV Campeonato Brasileiro Ind"]
[Site "Americana"]
[Date "2009.12.06"]
[Round "6.3"]
[White "Diamant, Andre"]
[Black "Matsuura, Everaldo"]
[Result "1-0"]
[WhiteElo "2493"]
[BlackElo "2478"]
[PlyCount "137"]
[EventDate "2009.12.02"]

1. d4 d5 2. c4 e6 3. Nc3 c6 4. Nf3 dxc4 5. g3 b5 6. Bg2 Bb7 7. O-O Nd7 8. e4
Ngf6 9. e5 Nd5 10. Ng5 h6 11. Nge4 Qb6 12. a4 a6 13. Qg4 O-O-O 14. Rd1 g5 15.
Qh5 c5 16. axb5 axb5 17. Nxd5 Bxd5 18. Be3 Qc6 19. Qxf7 cxd4 20. Rxd4 Nxe5 21.
Qf6 Rg8 22. Qxe5 Bg7 23. Rxd5 Qxd5 24. Ra8+ Qxa8 25. Nd6+ Rxd6 26. Qc5+ Kd7 27.
Bxa8 Rxa8 28. Qxb5+ Kc7 29. Qxc4+ Rc6 30. Qb4 Bf6 31. Kg2 Rc8 32. Qe4 Kd7 33.
Qh7+ Be7 34. Qxh6 g4 35. Qg7 Rc4 36. Bf4 Rb4 37. Bd2 Re4 38. Qh7 Re5 39. Qg6
Rd5 40. Bf4 Rb5 41. Qd3+ Rd5 42. Qe2 Rg8 43. Qa6 Rf8 44. b4 Rff5 45. Be3 Rb5
46. Bc5 Rbxc5 47. bxc5 Bxc5 48. Qa4+ Kd6 49. Qxg4 Rxf2+ 50. Kh3 e5 51. Qd1+ Bd4
52. g4 Kd5 53. g5 e4 54. g6 Rf3+ 55. Kg4 Rf2 56. Qb3+ Kc5 57. Qa3+ Kc4 58. Qc1+
Kd3 59. Qb1+ Ke3 60. Qe1+ Re2 61. Qg3+ Kd2 62. Kf5 e3 63. Ke4 Bc3 64. g7 Bxg7
65. Qxg7 Rxh2 66. Qb2+ Kd1 67. Qxh2 e2 68. Kd3 e1=N+ 69. Kc3 1-0

[Event "LXXV Campeonato Brasileiro Ind"]
[Site "Americana"]
[Date "2009.12.06"]
[Round "6.4"]
[White "Leitao, Rafael"]
[Black "Molina, Roberto Junio Brito"]
[Result "1-0"]
[WhiteElo "2621"]
[BlackElo "2340"]
[PlyCount "145"]
[EventDate "2009.12.02"]

1. d4 d5 2. c4 e6 3. Nc3 Be7 4. cxd5 exd5 5. Bf4 c6 6. e3 Bf5 7. g4 Be6 8. h4
Bd6 9. Nh3 h5 10. Qb3 Bc8 11. Bxd6 Qxd6 12. g5 Ne7 13. Nf4 Nd7 14. a4 g6 15. a5
O-O 16. Qa3 Qxa3 17. Rxa3 Re8 18. b4 Nf5 19. Be2 a6 20. Nd3 Kg7 21. Na4 Nf8 22.
Nac5 Re7 23. Ne5 Be6 24. f3 Rae8 25. Kf2 Bc8 26. Bd3 Nd6 27. Re1 Nd7 28. Nexd7
Bxd7 29. e4 Be6 30. Raa1 dxe4 31. fxe4 Bc8 32. e5 Nf5 33. Bxf5 Bxf5 34. Ke3 Rd8
35. Rf1 Be6 36. Rf6 Bc8 37. Raf1 Bh3 38. R1f4 Bc8 39. Kd3 Bg4 40. Kc3 Rde8 41.
Rd6 Rf8 42. Rf2 Rfe8 43. Kc4 Bf5 44. Na4 Be6+ 45. Kc5 Bg4 46. Kb6 Bc8 47. Nc5
Bg4 48. Ne4 Be6 49. Nc5 Bg4 50. Rff6 Bc8 51. Nd3 Be6 52. Nf4 Bc8 53. Nxg6 fxg6
54. Rxg6+ Kf8 55. Rdf6+ Rf7 56. Rh6 Ke7 57. Rxf7+ Kxf7 58. Kc7 Ke7 59. Rxh5 Bf5
60. Rh6 Rc8+ 61. Kxb7 Rd8 62. Rd6 Rh8 63. Kxa6 Rxh4 64. Kb6 Be4 65. a6 Rh1 66.
a7 Ra1 67. g6 Ra4 68. g7 Bh7 69. b5 cxb5 70. Kb7 Be4+ 71. d5 Kf7 72. Rd7+ Kg8
73. e6 1-0

[Event "LXXV Campeonato Brasileiro Ind"]
[Site "Americana"]
[Date "2009.12.06"]
[Round "6.5"]
[White "Mekhitarian, Krikor Sevag"]
[Black "Bittencourt, Jorge"]
[Result "1-0"]
[WhiteElo "2467"]
[BlackElo "2454"]
[PlyCount "119"]
[EventDate "2009.12.02"]

1. e4 c5 2. Nf3 d6 3. d4 cxd4 4. Nxd4 Nf6 5. Nc3 a6 6. Be3 e5 7. Nb3 Be6 8. f3
h5 9. Nd5 Bxd5 10. exd5 Nbd7 11. Qd2 g6 12. O-O-O Nb6 13. Qa5 Bh6 14. Bxh6 Rxh6
15. Kb1 Rc8 16. Qb4 Qc7 17. c4 Kf8 18. h4 Rh8 19. Rc1 Kg7 20. g3 Nbd7 21. Bh3
b6 22. f4 Rce8 23. f5 Nc5 24. Qc3 a5 25. Rhf1 Rhf8 26. Nd2 e4 27. Rce1 Re5 28.
Re3 Qe7 29. Qd4 Kh7 30. Qc3 Qd8 31. Nb3 Nxb3 32. axb3 Kg7 33. fxg6 fxg6 34.
Rfe1 Kh7 35. Be6 Qe7 36. b4 Qc7 37. Rc1 axb4 38. Qxb4 Qc5 39. Qxc5 bxc5 40.
Rce1 g5 41. Rb3 Kg6 42. Rb6 Rd8 43. Rb7 e3 44. Kc2 Re4 45. Kd3 gxh4 46. gxh4
Rd4+ 47. Kxe3 Rxh4 48. Rg1+ Kh6 49. Rgg7 Rxc4 50. Rgf7 Ng4+ 51. Kd2 Kg5 52. Rh7
Rb4 53. Rbg7+ Kf4 54. Rxh5 Ne5 55. Rh4+ Kf3 56. Rh3+ Kf4 57. Rh4+ Kf3 58. Rh3+
Kf4 59. b3 Rdb8 60. Ke2 1-0

[Event "LXXV Campeonato Brasileiro Ind"]
[Site "Americana"]
[Date "2009.12.06"]
[Round "6.6"]
[White "Santiago, Yago De Moura"]
[Black "Milos, Gilberto"]
[Result "0-1"]
[WhiteElo "2266"]
[BlackElo "2603"]
[PlyCount "71"]
[EventDate "2009.12.02"]

1. e4 c5 2. Nf3 Nc6 3. d4 cxd4 4. Nxd4 Nf6 5. Nc3 d6 6. Bg5 Qb6 7. Nb3 e6 8.
Bxf6 gxf6 9. Qd2 Bd7 10. O-O-O O-O-O 11. f4 Kb8 12. Kb1 Bc8 13. Be2 h5 14. h4
Ne7 15. Bf3 f5 16. e5 Nc6 17. Bxc6 Qxc6 18. Nd4 Qb6 19. Nf3 Be7 20. Qe2 f6 21.
Nb5 Rhg8 22. c3 Rg4 23. Rd4 dxe5 24. fxe5 Re4 25. Rxe4 fxe4 26. Nfd4 a6 27. Nd6
Bxd6 28. exd6 e5 29. Nb3 Qxd6 30. Qxh5 Qd3+ 31. Kc1 Qe3+ 32. Kb1 Qf2 33. Rd1 e3
34. Rxd8 e2 35. Rxc8+ Kxc8 36. Kc2 0-1

[Event "LXXV Campeonato Brasileiro Ind"]
[Site "Americana"]
[Date "2009.12.07"]
[Round "7.1"]
[White "Milos, Gilberto"]
[Black "Barreto Filho, Carlos Alberto"]
[Result "1-0"]
[WhiteElo "2603"]
[BlackElo "2277"]
[PlyCount "35"]
[EventDate "2009.12.02"]

1. e4 c5 2. Nf3 d6 3. d4 cxd4 4. Nxd4 Nf6 5. Nc3 Nc6 6. Bg5 e6 7. Qd2 a6 8.
O-O-O h6 9. Be3 Bd7 10. f4 Qc7 11. Kb1 O-O-O 12. Be2 Kb8 13. e5 Ne8 14. Nxc6+
Bxc6 15. Qd4 Rd7 16. Na4 Bxa4 17. Qxa4 Be7 18. Rd3 1-0

[Event "LXXV Campeonato Brasileiro Ind"]
[Site "Americana"]
[Date "2009.12.07"]
[Round "7.2"]
[White "Bittencourt, Jorge"]
[Black "Santiago, Yago De Moura"]
[Result "1-0"]
[WhiteElo "2454"]
[BlackElo "2266"]
[PlyCount "93"]
[EventDate "2009.12.02"]

1. e4 c5 2. Nf3 d6 3. d4 cxd4 4. Nxd4 Nf6 5. Nc3 a6 6. Be3 e5 7. Nb3 Be7 8. Be2
O-O 9. O-O Be6 10. Nd5 Bxd5 11. exd5 Nbd7 12. Qd2 Nc5 13. Rfd1 Nfe4 14. Qb4 a5
15. Qb5 b6 16. f3 Nf6 17. Kh1 Nfd7 18. Nd2 Qc7 19. Nc4 Rab8 20. c3 Nf6 21. b4
axb4 22. cxb4 Ncd7 23. Rac1 Qb7 24. Nb2 Nh5 25. Rc6 Nf4 26. Bf2 Nf6 27. g3
N4xd5 28. Rxd5 Nxd5 29. Qxd5 b5 30. Nd1 Rfc8 31. Rxc8+ Qxc8 32. Bxb5 Qe6 33.
Qxe6 fxe6 34. a4 d5 35. Bc5 Kf7 36. Nf2 Bxc5 37. bxc5 Rc8 38. c6 Ke7 39. Kg2
Kd6 40. Kf1 Kc5 41. Ke2 Kd4 42. Nd3 e4 43. fxe4 dxe4 44. Nf4 Ke5 45. Ng2 g5 46.
Ne3 Kd4 47. Nc4 1-0

[Event "LXXV Campeonato Brasileiro Ind"]
[Site "Americana"]
[Date "2009.12.07"]
[Round "7.5"]
[White "Vescovi, Giovanni"]
[Black "Diamant, Andre"]
[Result "1/2-1/2"]
[WhiteElo "2648"]
[BlackElo "2493"]
[PlyCount "43"]
[EventDate "2009.12.02"]

1. d4 Nf6 2. c4 e6 3. Nf3 d5 4. Nc3 c5 5. cxd5 Nxd5 6. e4 Nxc3 7. bxc3 cxd4 8.
cxd4 Bb4+ 9. Bd2 Bxd2+ 10. Qxd2 O-O 11. Bc4 Nd7 12. O-O b6 13. Rad1 Bb7 14.
Rfe1 Rc8 15. Bd3 Qe7 16. Bb1 Rfd8 17. Qe3 h6 18. h3 Nf8 19. Ne5 Nd7 20. Nf3 Nf8
21. Ne5 Nd7 22. Nf3 1/2-1/2

[Event "LXXV Campeonato Brasileiro Ind"]
[Site "Americana"]
[Date "2009.12.07"]
[Round "7.6"]
[White "Fier, Alexandr"]
[Black "Macedo, Maximo Iack"]
[Result "1/2-1/2"]
[WhiteElo "2653"]
[BlackElo "2339"]
[PlyCount "55"]
[EventDate "2009.12.02"]

1. d4 d5 2. c4 dxc4 3. e4 e5 4. Nf3 exd4 5. Bxc4 Bb4+ 6. Nbd2 Be6 7. Bxe6 fxe6
8. O-O Nc6 9. Qb3 Qd7 10. Nc4 O-O-O 11. Nfe5 Nxe5 12. Nxe5 Qe7 13. Nd3 Ba5 14.
Qb5 Bb6 15. Bg5 Nf6 16. e5 Rd5 17. Qc4 Qe8 18. Rfe1 Nd7 19. a4 a5 20. Bd2 Rf8
21. b4 Rf5 22. bxa5 Bxa5 23. Bxa5 Rxa5 24. Rac1 c6 25. Qxd4 Rd5 26. Qc3 Qd8 27.
f4 Qb6+ 28. Kh1 1/2-1/2

[Event "LXXV Campeonato Brasileiro Ind"]
[Site "Americana"]
[Date "2009.12.08"]
[Round "8.2"]
[White "Diamant, Andre"]
[Black "Fier, Alexandr"]
[Result "0-1"]
[WhiteElo "2493"]
[BlackElo "2653"]
[PlyCount "76"]
[EventDate "2009.12.02"]

1. c4 e6 2. Nf3 d5 3. d4 Nf6 4. e3 Nbd7 5. Nbd2 a6 6. b3 b6 7. Bd3 Bb7 8. O-O
Bd6 9. Bb2 O-O 10. Qe2 Ne4 11. Rad1 Qe7 12. Ne5 Nxd2 13. Rxd2 Nxe5 14. dxe5 Bb4
15. Rc2 Rfd8 16. cxd5 Bxd5 17. a3 Bxa3 18. Bxa3 Qxa3 19. Rxc7 Rf8 20. Rfc1 Bxb3
21. h4 b5 22. R1c5 Rad8 23. Be4 Bd1 24. Qe1 b4 25. Kh2 b3 26. Qc3 Qa2 27. Kg3
Qd2 28. Qxd2 Rxd2 29. Rb7 g6 30. Ra7 Be2 31. Rc3 b2 32. Rb3 Bb5 33. Rc7 Rfd8
34. Bc2 Re2 35. h5 gxh5 36. f3 Rdd2 37. Be4 Rxg2+ 38. Kh4 Rg1 0-1

[Event "LXXV Campeonato Brasileiro Ind"]
[Site "Americana"]
[Date "2009.12.08"]
[Round "8.4"]
[White "Mekhitarian, Krikor Sevag"]
[Black "Matsuura, Everaldo"]
[Result "1-0"]
[WhiteElo "2467"]
[BlackElo "2478"]
[PlyCount "73"]
[EventDate "2009.12.02"]

1. e4 e5 2. Nf3 Nc6 3. Bb5 a6 4. Ba4 Nf6 5. O-O Be7 6. Re1 b5 7. Bb3 d6 8. c3
O-O 9. h3 Bb7 10. d4 Re8 11. Nbd2 Bf8 12. a4 h6 13. d5 Nb8 14. c4 c6 15. axb5
axb5 16. Rxa8 Bxa8 17. cxb5 cxd5 18. exd5 Bxd5 19. Bxd5 Nxd5 20. Nc4 Nf6 21.
Be3 e4 22. Nd4 d5 23. Nd2 Nfd7 24. Qc2 Ne5 25. Ra1 Qd7 26. Qa4 Nd3 27. Qa7 Qd6
28. N2b3 Qe5 29. Nc6 Qxb2 30. Nxb8 Qxb3 31. Nc6 Qxb5 32. Qd7 Rb8 33. Nxb8 Qxb8
34. Qxd5 Qe5 35. Qxe5 Nxe5 36. Ra8 Ng6 37. g4 1-0

[Event "LXXV Campeonato Brasileiro Ind"]
[Site "Americana"]
[Date "2009.12.08"]
[Round "8.5"]
[White "Santiago, Yago De Moura"]
[Black "Molina, Roberto Junio Brito"]
[Result "0-1"]
[WhiteElo "2266"]
[BlackElo "2340"]
[PlyCount "112"]
[EventDate "2009.12.02"]

1. e4 c6 2. Nc3 d5 3. Nf3 Bg4 4. h3 Bxf3 5. gxf3 e6 6. d4 g6 7. Be3 Bg7 8. Qd2
Nd7 9. h4 h5 10. O-O-O Bh6 11. Ne2 Bxe3 12. Qxe3 Qa5 13. Kb1 Ne7 14. Nf4 O-O-O
15. c4 dxe4 16. fxe4 e5 17. Ne2 Kb8 18. d5 Qc5 19. Nc3 cxd5 20. cxd5 Nc8 21.
Qg3 Qd6 22. Bd3 a6 23. Rhf1 Rhe8 24. Bc2 Ncb6 25. f4 exf4 26. Qxf4 Qxf4 27.
Rxf4 Ne5 28. b3 Rd6 29. a4 Rc8 30. Ne2 Nbd7 31. Nd4 Kc7 32. Rdf1 Kb6 33. Kb2
Nc5 34. Rf6 Rxf6 35. Rxf6+ Kc7 36. Nf3 Ncd7 37. Rf4 Kd6 38. Ng5 Ke7 39. Rf1 a5
40. Rd1 Kd6 41. Rf1 Ke7 42. Rd1 f6 43. Ne6 Ng4 44. Rd2 Kd6 45. Nd4 Ke5 46. Nb5
g5 47. b4 axb4 48. d6 Ne3 49. Bb3 g4 50. Bd5 g3 51. Nd4 Nb6 52. Rd3 Nbxd5 53.
exd5 Ke4 54. Rxe3+ Kxe3 55. Nc6 g2 56. d7 Rg8 0-1

[Event "LXXV Campeonato Brasileiro Ind"]
[Site "Americana"]
[Date "2009.12.08"]
[Round "8.6"]
[White "Milos, Gilberto"]
[Black "Bittencourt, Jorge"]
[Result "1-0"]
[WhiteElo "2603"]
[BlackElo "2454"]
[PlyCount "75"]
[EventDate "2009.12.02"]

1. e4 c5 2. Nf3 d6 3. d4 cxd4 4. Nxd4 Nf6 5. Nc3 a6 6. Bg5 e6 7. f4 Qc7 8. Bxf6
gxf6 9. f5 Nc6 10. fxe6 fxe6 11. Bc4 Nxd4 12. Qxd4 Rg8 13. O-O-O Rxg2 14. Bb3
Be7 15. Qe3 Qc5 16. Qh3 Qg5+ 17. Kb1 Qg4 18. Qxh7 Bd7 19. Qh8+ Qg8 20. Qh5+ Qf7
21. Qa5 Bc6 22. h4 Bd8 23. Qb4 Bc7 24. Nd5 Rg4 25. Nxc7+ Qxc7 26. Rxd6 Rxe4 27.
Qc5 Re5 28. Rxe6+ Rxe6 29. Bxe6 Qe5 30. Qxe5 fxe5 31. Rg1 Ke7 32. Rg8 Rxg8 33.
Bxg8 Kf6 34. c4 Be4+ 35. Kc1 b6 36. b4 Kg6 37. Bd5 Bf5 38. Bb7 1-0

[Event "LXXV Campeonato Brasileiro Ind"]
[Site "Americana"]
[Date "2009.12.09"]
[Round "9.1"]
[White "Bittencourt, Jorge"]
[Black "Barreto Filho, Carlos Alberto"]
[Result "1/2-1/2"]
[WhiteElo "2454"]
[BlackElo "2277"]
[PlyCount "38"]
[EventDate "2009.12.02"]

1. e4 c5 2. Nf3 Nc6 3. d4 cxd4 4. Nxd4 Nf6 5. Nc3 d6 6. Bg5 e6 7. Qd2 a6 8.
O-O-O Be7 9. f3 Nxd4 10. Qxd4 b5 11. h4 Bb7 12. Kb1 Qc7 13. Qd2 Rc8 14. Bd3 h6
15. Be3 b4 16. Ne2 d5 17. e5 Ne4 18. Bxe4 dxe4 19. f4 O-O 1/2-1/2

[Event "LXXV Campeonato Brasileiro Ind"]
[Site "Americana"]
[Date "2009.12.09"]
[Round "9.2"]
[White "Molina, Roberto Junio Brito"]
[Black "Milos, Gilberto"]
[Result "0-1"]
[WhiteElo "2340"]
[BlackElo "2603"]
[PlyCount "72"]
[EventDate "2009.12.02"]

1. d4 Nf6 2. c4 g6 3. Nc3 Bg7 4. Nf3 O-O 5. e3 c5 6. Be2 cxd4 7. Nxd4 d5 8. O-O
dxc4 9. Bxc4 Qc7 10. Qe2 a6 11. Bd2 e5 12. Nb3 e4 13. Rac1 Qe5 14. Nd4 b5 15.
Bb3 Bb7 16. a4 b4 17. Nb1 a5 18. Qb5 Ng4 19. Qxe5 Bxe5 20. h3 Nf6 21. Rfd1 Nbd7
22. Bc4 Rac8 23. Nb3 Bc7 24. Be1 Ne5 25. N1d2 Rfd8 26. Nc5 Bc6 27. Ba6 Rb8 28.
Be2 Bb6 29. Ndb3 Rxd1 30. Rxd1 Bd5 31. Rc1 Rd8 32. Nd4 Rc8 33. Ndb3 Rc7 34. Bb5
Kf8 35. Na6 Rxc1 36. Nxc1 Ke7 0-1

[Event "LXXV Campeonato Brasileiro Ind"]
[Site "Americana"]
[Date "2009.12.09"]
[Round "9.3"]
[White "Matsuura, Everaldo"]
[Black "Santiago, Yago De Moura"]
[Result "1/2-1/2"]
[WhiteElo "2478"]
[BlackElo "2266"]
[PlyCount "87"]
[EventDate "2009.12.02"]

1. d4 d5 2. Nf3 Nf6 3. c4 c6 4. Qc2 e6 5. g3 Nbd7 6. Bg2 Bb4+ 7. Bd2 Bd6 8. O-O
O-O 9. Bf4 Qc7 10. Bxd6 Qxd6 11. Nbd2 Re8 12. Rad1 b6 13. e4 Nxe4 14. Nxe4 dxe4
15. Qxe4 Bb7 16. c5 Qe7 17. Ne5 Rac8 18. Rfe1 Rc7 19. Qc2 Rec8 20. b4 Nf6 21.
Qb3 Nd5 22. Rc1 Qd8 23. Red1 Qe7 24. Re1 Qd8 25. Nc4 Rb8 26. Qa3 Bc8 27. Nd6
Bd7 28. Rb1 Be8 29. Qd3 Ne7 30. Be4 h6 31. a3 Rd7 32. Rbd1 Rxd6 33. cxd6 Qxd6
34. Rc1 Rd8 35. Red1 Nd5 36. Qa6 Qb8 37. Qe2 Ne7 38. Bc2 Nd5 39. Qe4 g6 40. Ba4
Rd6 41. Qe2 Nc7 42. Qe4 Nd5 43. Qe2 Nc7 44. Qe4 1/2-1/2

[Event "LXXV Campeonato Brasileiro Ind"]
[Site "Americana"]
[Date "2009.12.09"]
[Round "9.4"]
[White "Vescovi, Giovanni"]
[Black "Mekhitarian, Krikor Sevag"]
[Result "1-0"]
[WhiteElo "2648"]
[BlackElo "2467"]
[PlyCount "135"]
[EventDate "2009.12.02"]

1. d4 Nf6 2. c4 g6 3. Nc3 d5 4. Qb3 dxc4 5. Qxc4 Bg7 6. e4 O-O 7. Be2 Nfd7 8.
Be3 Nb6 9. Qc5 e5 10. Nf3 exd4 11. Bxd4 N8d7 12. Qa3 Bxd4 13. Nxd4 Re8 14. Rd1
Qe7 15. Qxe7 Rxe7 16. f3 a5 17. Ndb5 Nc5 18. Kf2 c6 19. Rd8+ Kg7 20. Nd6 f5 21.
Rc1 Ne6 22. Nxc8 Nxc8 23. Rd2 fxe4 24. Nxe4 Nf4 25. Rd8 Ne6 26. Rd2 Nf4 27. Rc5
Nxe2 28. Rxe2 Nb6 29. Re3 a4 30. Rd3 Nd5 31. Rc4 Nb6 32. Rcd4 Nd5 33. Ra3 b5
34. Rad3 Rae8 35. Rd2 h6 36. Nd6 Rb8 37. Rc2 Nf6 38. Rxc6 h5 39. Ne4 Nxe4+ 40.
fxe4 Rf8+ 41. Ke3 Rf1 42. Rc2 Re1+ 43. Re2 Rxe2+ 44. Kxe2 Rc7 45. Kd2 Rf7 46.
Ke3 Rc7 47. h4 Rc2 48. Rd2 Rc1 49. g3 Rb1 50. Kd4 b4 51. Kc4 Rg1 52. Kxb4 Rxg3
53. Kxa4 Rg4 54. Rh2 Kf6 55. b4 Ke5 56. b5 Kd6 57. Rc2 Rxh4 58. Rc6+ Kd7 59.
Rxg6 Rxe4+ 60. Ka5 Kc8 61. Rh6 h4 62. Rh8+ Kb7 63. Rh7+ Kc8 64. a4 Rf4 65. Rh8+
Kb7 66. Rh7+ Kc8 67. b6 Kb8 68. Kb5 1-0

[Event "LXXV Campeonato Brasileiro Ind"]
[Site "Americana"]
[Date "2009.12.09"]
[Round "9.6"]
[White "Macedo, Maximo Iack"]
[Black "Diamant, Andre"]
[Result "0-1"]
[WhiteElo "2339"]
[BlackElo "2493"]
[PlyCount "82"]
[EventDate "2009.12.02"]

1. d4 Nf6 2. Nf3 g6 3. Bf4 Bg7 4. e3 O-O 5. Be2 d6 6. h3 b6 7. O-O Bb7 8. a4 a6
9. Na3 Nbd7 10. Bh2 Ne4 11. Nd2 Nxd2 12. Qxd2 e5 13. Nc4 Qg5 14. Bg4 f5 15. f4
Qe7 16. Bf3 Bxf3 17. Rxf3 exf4 18. exf4 Rae8 19. Re3 Qf7 20. Rae1 Rxe3 21. Nxe3
Re8 22. c3 Nf6 23. Qd3 Qa2 24. Qc2 Re4 25. Kf2 Qe6 26. Re2 Qc8 27. g4 Qe6 28.
g5 Nh5 29. Ng2 c5 30. dxc5 bxc5 31. Rd2 d5 32. Qb3 d4 33. Qb7 Bf8 34. cxd4 cxd4
35. b4 d3 36. Rxd3 Rxb4 37. Qa8 Rb2+ 38. Kg1 Rb1+ 39. Kf2 Qa2+ 40. Ke3 Rb2 41.
Rd8 Qa3+ 0-1

[Event "LXXV Campeonato Brasileiro Ind"]
[Site "Americana"]
[Date "2009.12.10"]
[Round "10.2"]
[White "Leitao, Rafael"]
[Black "Macedo, Maximo Iack"]
[Result "1-0"]
[WhiteElo "2621"]
[BlackElo "2339"]
[PlyCount "39"]
[EventDate "2009.12.02"]

1. d4 d5 2. c4 e6 3. Nf3 Nf6 4. Nc3 Nbd7 5. Bf4 Bb4 6. cxd5 Nxd5 7. Bd2 c5 8.
e4 cxd4 9. exd5 dxc3 10. bxc3 Bc5 11. dxe6 Qe7 12. Bc4 Nb6 13. Bb5+ Kf8 14. O-O
Bxe6 15. Qc2 Nc4 16. Bxc4 Bxc4 17. Rfe1 Qc7 18. Qf5 Rd8 19. Bg5 Qc8 20. Rad1
1-0

[Event "LXXV Campeonato Brasileiro Ind"]
[Site "Americana"]
[Date "2009.12.10"]
[Round "10.3"]
[White "Mekhitarian, Krikor Sevag"]
[Black "Fier, Alexandr"]
[Result "1/2-1/2"]
[WhiteElo "2467"]
[BlackElo "2653"]
[PlyCount "118"]
[EventDate "2009.12.02"]

1. e4 e6 2. d4 d5 3. Nc3 Bb4 4. e5 c5 5. a3 Bxc3+ 6. bxc3 Ne7 7. Qg4 cxd4 8.
cxd4 Qc7 9. Ra2 Nf5 10. Nf3 Nc6 11. Bd3 h5 12. Qf4 Ncxd4 13. Nxd4 Qc3+ 14. Bd2
Qxd4 15. Bxf5 Qxf4 16. Bxf4 exf5 17. Rb2 b6 18. h4 Ba6 19. Rh3 Rc8 20. Kd2 Rc4
21. Rb4 Kd7 22. Rxc4 Bxc4 23. Be3 Ke6 24. f4 Rc8 25. Rh1 Kd7 26. Rb1 Rc6 27. g3
Ba6 28. Rb4 Bf1 29. Bf2 Kc7 30. Bd4 Kb7 31. Rb1 Ba6 32. Rb4 Rg6 33. Bf2 Bc4 34.
Rb1 Ka6 35. Rb4 Ka5 36. Ke3 Rc6 37. Be1 Ka6 38. Bf2 Rc5 39. Kd2 Ra5 40. a4 b5
41. axb5+ Bxb5 42. Bd4 Kb7 43. Rb1 Kc6 44. Ke3 Ra4 45. Ra1 Rxa1 46. Bxa1 Bf1
47. Kd4 Bg2 48. c4 dxc4 49. Kxc4 Bf1+ 50. Kd4 Kb5 51. Bc3 Ka4 52. Be1 Kb3 53.
Ba5 Bc4 54. Kc5 Be6 55. Bb4 Kb2 56. Ba5 Kc2 57. Kd4 Bc8 58. Bc3 Kb3 59. Be1 Be6
1/2-1/2

[Event "LXXV Campeonato Brasileiro Ind"]
[Site "Americana"]
[Date "2009.12.10"]
[Round "10.4"]
[White "Santiago, Yago De Moura"]
[Black "Vescovi, Giovanni"]
[Result "0-1"]
[WhiteElo "2266"]
[BlackElo "2648"]
[PlyCount "48"]
[EventDate "2009.12.02"]

1. e4 c5 2. Nf3 e6 3. d4 cxd4 4. Nxd4 a6 5. Bd3 Nf6 6. Nc3 Qc7 7. Be3 b5 8. f4
b4 9. Na4 Bb7 10. Qf3 d6 11. O-O Nbd7 12. c4 e5 13. Nf5 Bc6 14. b3 g6 15. Ng3
Bxa4 16. bxa4 Bh6 17. Kh1 O-O 18. f5 Bxe3 19. Qxe3 Kg7 20. Rad1 Nc5 21. Bc2
Rad8 22. h4 h6 23. Rd2 Qe7 24. Bd1 Nfxe4 0-1

[Event "LXXV Campeonato Brasileiro Ind"]
[Site "Americana"]
[Date "2009.12.10"]
[Round "10.5"]
[White "Milos, Gilberto"]
[Black "Matsuura, Everaldo"]
[Result "1/2-1/2"]
[WhiteElo "2603"]
[BlackElo "2478"]
[PlyCount "97"]
[EventDate "2009.12.02"]

1. e4 c5 2. Nf3 d6 3. d4 cxd4 4. Nxd4 Nf6 5. Nc3 g6 6. Be2 Bg7 7. O-O O-O 8.
Bg5 Nc6 9. Nb3 Be6 10. Kh1 a6 11. f4 b5 12. a3 Rc8 13. Qe1 Na5 14. Nxa5 Qxa5
15. f5 Bc4 16. Bd3 Rfe8 17. Qh4 Bxd3 18. cxd3 b4 19. axb4 Qxb4 20. fxg6 hxg6
21. Qf2 Rb8 22. Rab1 Qb3 23. Bxf6 Bxf6 24. Qf3 Qe6 25. Nd5 Rec8 26. b4 Kg7 27.
Qe3 Rb5 28. Rf3 a5 29. Rh3 Rxd5 30. Qh6+ Kg8 31. exd5 Qxd5 32. Rc1 Rb8 33. bxa5
Qxa5 34. Rf1 Qd5 35. Qh7+ Kf8 36. Rhf3 Rb2 37. Qh6+ Kg8 38. Qc1 Qg5 39. Qc8+
Kg7 40. Rg3 Qd2 41. Qg4 Qe2 42. Qxe2 Rxe2 43. Rgf3 g5 44. g3 Rd2 45. R1f2 Rd1+
46. Kg2 Kg6 47. Re2 Be5 48. g4 e6 49. Ra2 1/2-1/2

[Event "LXXV Campeonato Brasileiro Ind"]
[Site "Americana"]
[Date "2009.12.10"]
[Round "10.6"]
[White "Bittencourt, Jorge"]
[Black "Molina, Roberto Junio Brito"]
[Result "0-1"]
[WhiteElo "2454"]
[BlackElo "2340"]
[PlyCount "102"]
[EventDate "2009.12.02"]

1. e4 c5 2. Nf3 d6 3. d4 cxd4 4. Nxd4 Nf6 5. Nc3 a6 6. Be3 e6 7. f3 b5 8. Qd2
Nbd7 9. g4 h6 10. O-O-O b4 11. Nce2 Qc7 12. h4 d5 13. Bh3 Nb6 14. b3 dxe4 15.
g5 Nfd5 16. g6 e5 17. gxf7+ Kxf7 18. Nf5 exf3 19. Neg3 Nc3 20. Qf2 Nbd5 21.
Qxf3 Kg8 22. Rhg1 Nxe3 23. Nxe3 Bxh3 24. Qxa8 Nxd1 25. Rxd1 Qc8 26. Qe4 h5 27.
Nc4 Qg4 28. Qd5+ Qe6 29. Qa8 Kh7 30. Rd8 Qf6 31. Nxh5 Qxh4 32. Rxf8 Rxf8 33.
Qxf8 Qxh5 34. Qxb4 Qh6+ 35. Kb2 e4 36. Qc5 Qf6+ 37. Ka3 Bf5 38. Ne3 Bg6 39. c4
Qc3 40. Qg5 Qd4 41. c5 a5 42. Nc4 Qc3 43. c6 Bf7 44. Qh4+ Kg8 45. Qxe4 Qb4+ 46.
Kb2 Qc5 47. Qf4 g5 48. Qb8+ Kg7 49. c7 Qd4+ 50. Ka3 Qc5+ 51. Ka4 Be8+ 0-1

[Event "LXXV Campeonato Brasileiro Ind"]
[Site "Americana"]
[Date "2009.12.11"]
[Round "11.3"]
[White "Vescovi, Giovanni"]
[Black "Milos, Gilberto"]
[Result "1/2-1/2"]
[WhiteElo "2648"]
[BlackElo "2603"]
[PlyCount "40"]
[EventDate "2009.12.02"]

1. d4 Nf6 2. c4 e6 3. Nf3 b6 4. g3 Bb7 5. Bg2 Be7 6. O-O O-O 7. Nc3 Ne4 8. Bd2
Bf6 9. Rc1 d6 10. Qc2 Nxd2 11. Qxd2 Nd7 12. Ne1 Bxg2 13. Kxg2 c5 14. Nf3 cxd4
15. Nxd4 a6 16. Ne4 Qc7 17. Nxf6+ Nxf6 18. Qd3 Rac8 19. b3 Rfd8 20. Rfd1 Qb7+
1/2-1/2

[Event "LXXV Campeonato Brasileiro Ind"]
[Site "Americana"]
[Date "2009.12.11"]
[Round "11.4"]
[White "Fier, Alexandr"]
[Black "Santiago, Yago De Moura"]
[Result "1/2-1/2"]
[WhiteElo "2653"]
[BlackElo "2266"]
[PlyCount "89"]
[EventDate "2009.12.02"]

1. d4 d5 2. c4 c6 3. Nf3 Nf6 4. Nc3 e6 5. Bg5 Nbd7 6. e3 Qa5 7. cxd5 Nxd5 8.
Qd2 Bb4 9. Rc1 h6 10. Bh4 c5 11. a3 Bxc3 12. bxc3 b6 13. Bd3 Ba6 14. O-O cxd4
15. Bxa6 Qxa6 16. Qxd4 O-O 17. e4 Nf4 18. Qxd7 Ne2+ 19. Kh1 Nxc1 20. Rxc1 Qxa3
21. Qd2 Rac8 22. Ne5 f6 23. Ng4 h5 24. Nxf6+ gxf6 25. e5 Rfd8 26. Qh6 Qxc1+ 27.
Qxc1 Rxc3 28. Qf1 Rdc8 29. f4 Rc1 30. Be1 Rd1 31. h4 Rcc1 32. Qf3 Rxe1+ 33. Kh2
fxe5 34. fxe5 Rh1+ 35. Kg3 Rc7 36. Qxh5 Rg7+ 37. Kf2 Rh2 38. Qe8+ Kh7 39. Qxe6
Rxh4 40. Qf5+ Kg8 41. Qc8+ Kh7 42. g3 Rhg4 43. e6 Re7 44. Qf8 Rgg7 45. Qf6
1/2-1/2

[Event "LXXV Campeonato Brasileiro Ind"]
[Site "Americana"]
[Date "2009.12.11"]
[Round "11.5"]
[White "Macedo, Maximo Iack"]
[Black "Mekhitarian, Krikor Sevag"]
[Result "1/2-1/2"]
[WhiteElo "2339"]
[BlackElo "2467"]
[PlyCount "54"]
[EventDate "2009.12.02"]

1. d4 Nf6 2. Nc3 d5 3. Bg5 Nbd7 4. Qd3 c6 5. Nf3 Qa5 6. Nd2 e6 7. g3 h6 8. Nb3
Qc7 9. Bf4 e5 10. dxe5 Nxe5 11. Qe3 Nfg4 12. Qd4 g5 13. Bxe5 Qxe5 14. Qxe5+
Nxe5 15. Bg2 f5 16. h4 Bg7 17. hxg5 hxg5 18. Rxh8+ Bxh8 19. O-O-O Kf7 20. Rh1
Bg7 21. f4 gxf4 22. gxf4 Ng4 23. Bf3 Rb8 24. Nd1 b6 25. c3 Bd7 26. Kd2 Re8 27.
Nd4 Nf6 1/2-1/2